MDQL
is popping MORE tags! Check the
thread
!
Quizzes
Events
Quiz Creation
Community
Videos
Private Events
Remove Ads
Sign In
Join for FREE
Feedback
Dark Mode
Quiz Categories
Sports
Geography
Music
Movies
Television
Just For Fun
Miscellaneous
History
Literature
Language
Science
Gaming
Entertainment
Religion
Holiday
For Kids
Quiz Lab
Recent
Popular Today
Quiz Kudos Today
Editor Picks
Curator Picks
Quizzes by...
Day
Popularity
Type
Ratings
Length
Year
Community
Subscriptions
Recent Discussions
Orange Saloon
Badges
Playlists
Quests
Create
Leaderboards
Showdown
Live 5
Trivia Bingo
Activity
Puzzle Library
Sporcle Events
Private Events
Virtual Trivia
Globe League
Become a Host
Pub Owners
SporcleCon
Opinionation
Our Games
Videos
Blog
Mobile Apps
Partnerships
Remove Ads and Go Orange
Feedback
Gaming
Video Games
Board Games
Card Games
Pokémon
Mario
Nintendo
Minecraft
Console
Toys
Legend of Zelda
Gaming
Video Games
Board Games
Card Games
Pokémon
Mario
Nintendo
Minecraft
Console
Toys
Legend of Zelda
Random Quiz
Search Sporcle
×
Quiz Lab
Quiz Lab
Gaming
legend
Type in answers that appear in a list
Type in answers that appear in a list
Classic
Best Score? Go Orange.
Legend Of Zelda: Bosses Quiz Stats
Can you name the Legend Of Zelda: Bosses Quiz
By
aggronianmaster1
20m
178 Questions
65 Plays
65 Plays
65 Plays
Comments
Comments
Give Quiz Kudos
Give Quiz Kudos
-
- Ratings
hide this ad
Replay
Link that replays current quiz
Next Quiz
Link to next quiz in quiz playlist
You Got
0%
They Got
Avg Score
23%
Avg Friend Score
Upgrade to see
Score Distribution
Jump to the score distribution portion of the page
Score
0/178
Timer
20:00
0
Plays Today
Hint
Answer
% Correct
Legend of Zelda
Ganon
93.8%
A Link to the Past
Ganon
93.8%
Ocarina of Time
Ganon
93.8%
Oracle of Seasons
Ganon
93.8%
Oracle of Ages
Ganon
93.8%
Four Swords Adventure
Ganon
93.8%
Ocarina of Time
Ganondorf
80%
Wind Waker
Ganondorf
80%
Twilight Princess
Ganondorf
80%
Ocarina of Time
Twinrova
56.9%
Oracle of Seasons
Twinrova
56.9%
Oracle of Ages
Twinrova
56.9%
Ocarina of Time
Phantom Ganon
53.8%
Wind Waker
Phantom Ganon
53.8%
Four Swords Adventure
Phantom Ganon
53.8%
Legend of Zelda
Ghoma
52.3%
Link's Awakaning
Ghoma
52.3%
Ocarina of Time
Ghoma
52.3%
Oracle of Seasons
Ghoma
52.3%
Wind Waker
Ghoma
52.3%
Legend of Zelda
Dodongo
50.8%
Ocarina of Time
Volvagia
50.8%
Majora's Mask
Goht
50.8%
Oracle of Seasons
Dodongo
50.8%
Ocarina of Time
King Dodongo
49.2%
Ocarina of Time
Bongo Bongo
49.2%
Ocarina of Time
Morpha
46.2%
Majora's Mask
Majora's Mask
46.2%
Four Swords
Vaati
46.2%
Four Swords Adventure
Vaati
46.2%
Ocarina of Time
Barinade
44.6%
Ocarina of Time
Dark Link
44.6%
Legend of Zelda
Aquamentus
43.1%
Oracle of Seasons
Aquamentus
43.1%
Legend of Zelda
Gleeok
41.5%
Oracle of Seasons
Gleeok
41.5%
Phantom Hourglass
Gleeok
41.5%
Skyward Sword
Demise
41.5%
Majora's Mask
Odolwa
40%
Majora's Mask
Gyorg
38.5%
Majora's Mask
Twinmold
38.5%
Adventure of Link
Shadow Link
36.9%
Majora's Mask
Majora's Incarnation
36.9%
Twilight Princess
Zant
36.9%
A Link to the Past
Moldorm
35.4%
Link's Awakaning
Moldorm
35.4%
Majora's Mask
Majora's Wrath
35.4%
Link Between Worlds
Moldorm
35.4%
Legend of Zelda
Digdogger
33.8%
Oracle of Seasons
Digdogger
33.8%
Twilight Princess
Stallord
32.3%
Skyward Sword
Ghirahim
32.3%
Legend of Zelda
Manhandla
30.8%
Ocarina of Time
Big Octo
29.2%
Twilight Princess
Blizzeta
29.2%
Link Between Worlds
Yuga
29.2%
Link Between Worlds
Yuga
29.2%
Twilight Princess
Argorok
27.7%
Ocarina of Time
Dead Hand
26.2%
Wind Waker
Puppet Ganon
26.2%
Hint
Answer
% Correct
Twilight Princess
Diababa
26.2%
Twilight Princess
Morpheel
26.2%
A Link to the Past
Agahnim
24.6%
Adventure of Link
Ironknuckle
23.1%
Minish Cap
Big Green Chuchu
23.1%
Twilight Princess
Fyrus
23.1%
A Link to the Past
Armos Knight
21.5%
A Link to the Past
Helmasaur King
21.5%
A Link to the Past
Blind
21.5%
Link's Awakaning
Armos Knight
21.5%
Link's Awakaning
Facade
21.5%
Wind Waker
Helmaroc King
21.5%
Four Swords Adventure
Helmaroc King
21.5%
Phantom Hourglass
Bellum
21.5%
Skyward Sword
Koloktos
21.5%
Adventure of Link
Horsehead
20%
A Link to the Past
Mothula
20%
Link's Awakaning
Evil Eagle
20%
Oracle of Seasons
Mothula
20%
Wind Waker
Jalhalla
20%
Adventure of Link
Thunderbird
18.5%
Link's Awakaning
Genie
18.5%
Link's Awakaning
Hot Head
18.5%
Ocarina of Time
Poe Sisters
18.5%
Ocarina of Time
Flare Dancer
18.5%
Oracle of Ages
Veran
18.5%
Wind Waker
Kalle Demos
18.5%
Wind Waker
Molgera
18.5%
Minish Cap
Big Octorok
18.5%
Twilight Princess
Armoghoma
18.5%
A Link to the Past
Lanmola
16.9%
A Link to the Past
Trinexx
16.9%
Link's Awakaning
Angler Fish
16.9%
Link's Awakaning
Slime Eel
16.9%
Minish Cap
Gyorg Pair
16.9%
Skyward Sword
The Imprisoned
16.9%
Adventure of Link
Helmethead
15.4%
Adventure of Link
Gooma
15.4%
Adventure of Link
Barba
15.4%
A Link to the Past
Arrghus
15.4%
A Link to the Past
Kholdstare
15.4%
Oracle of Seasons
Onox
15.4%
Skyward Sword
Scaldera
15.4%
Link Between Worlds
Arrghus
15.4%
Adventure of Link
Carock
13.8%
Link's Awakaning
Slime Eye
13.8%
Oracle of Ages
Shadow Hag
13.8%
Minish Cap
Gleerok
13.8%
Spirit Tracks
Byrne
13.8%
Spirit Tracks
Demon Train
13.8%
Spirit Tracks
Malladus
13.8%
Skyward Sword
Moldarach
13.8%
Skyward Sword
Tentalus
13.8%
A Link to the Past
Vitreous
12.3%
Link's Awakaning
Hinox
10.8%
Oracle of Ages
Pumpkin Head
10.8%
Oracle of Ages
Head Thwomp
10.8%
Oracle of Ages
Moblin
10.8%
Four Swords Adventure
Stone Arrghus
10.8%
Minish Cap
Vaati Reborn
10.8%
Hint
Answer
% Correct
Minish Cap
Vaati's Wrath
10.8%
Phantom Hourglass
Blaaz
10.8%
Phantom Hourglass
Diabolical Cubus Sisters
10.8%
Spirit Tracks
Fraaz
10.8%
Spirit Tracks
Skeldritch
10.8%
Skyward Sword
Levias
10.8%
Minish Cap
Mazaal
9.2%
Phantom Hourglass
Crayk
9.2%
Phantom Hourglass
Dongorongo
9.2%
Spirit Tracks
Cragma
9.2%
Oracle of Ages
Smog
7.7%
Oracle of Ages
Octogon
7.7%
Oracle of Ages
Plasmarine
7.7%
Oracle of Ages
Ramrock
7.7%
Wind Waker
Ghodan
7.7%
Four Swords Adventure
Frostare
7.7%
Minish Cap
Vaati Transfigured
7.7%
Phantom Hourglass
Eox
7.7%
Skyward Sword
Bilocyte
7.7%
Oracle of Ages
Eyesoar
6.2%
Four Swords Adventure
Big Poe
6.2%
Phantom Hourglass
Cyclok
6.2%
Spirit Tracks
Stagnox
6.2%
Spirit Tracks
Phytops
6.2%
Link Between Worlds
Gemesaur King
6.2%
Link's Awakaning
Smasher
4.6%
Link's Awakaning
Blaino
4.6%
Four Swords
Big Manhandla
4.6%
Link Between Worlds
Grinexx
4.6%
Link's Awakaning
Dodongo Snakes
3.1%
Link's Awakaning
Nightmare of Agahnim
3.1%
Link's Awakaning
Nightmare of Ganon
3.1%
Skyward Sword
Stalmaster
3.1%
Skyward Sword
Scervo
3.1%
Skyward Sword
Magmanos
3.1%
Link Between Worlds
Margomill
3.1%
Link Between Worlds
Knucklemaster
3.1%
Link Between Worlds
Darkstare
3.1%
Link's Awakaning
Great Moblin
1.5%
Link's Awakaning
D. Poon
1.5%
Link's Awakaning
Cue Ball
1.5%
Link's Awakaning
Grim Creeper
1.5%
Link's Awakaning
Nightmare of Dethl
1.5%
Oracle of Seasons
Medelock
1.5%
Four Swords Adventure
Big Moldorm
1.5%
Link Between Worlds
Zaganaga
1.5%
Link's Awakaning
Rolling Bones
0%
Link's Awakaning
Landmola
0%
Link's Awakaning
Giant Buzz Blob
0%
Link's Awakaning
Dekudon
0%
Link's Awakaning
Master Stalfos
0%
Link's Awakaning
Nightmare of Giant Bot
0%
Link's Awakaning
Nightmare of Moldorm
0%
Link's Awakaning
Nightmare of Landmola
0%
Oracle of Seasons
Mandhandla
0%
Four Swords
Dera Zol
0%
Four Swords
Gouen
0%
Link Between Worlds
Stalbind
0%
Quiz Playlist
Details
Report
Send in Message
Add To Playlist
Classic:
Type in answers that appear in a list
Last Updated: Feb 16, 2017
Quiz Scoreboard
CHALLENGE
Sign Up to Join the Scoreboard
Show All
Scores
Hide
Comments
May contain spoilers
Recently Published
1-10 Letter E Words III
by El_Dandy
Language
2m
Street Fighter Characters
by Artimus82
Gaming
60s
College Basketball Coaching Resumes
by pancakes188
Sports
9m
More to Explore
Quiz From the Vault
Featured Blog Post
Where Did the Easter Bunny Come From?
hide this ad
You Might Also Like...
Tags
legend
Today's Top Quizzes in Gaming
Browse Gaming
hide this ad
Today's Top Quizzes in legend
Browse legend
Top Contributed Quizzes in Gaming
1
5-to-1: Consoles
2
7-to-1: Board Game Piece Blitz
3
5-to-1: Legend of Zelda
4
League of Legends Pro Players by Career/Team History
5
Destiny 2 exotic weapons by perk icons
6
Ultimate Genshin Impact Logic Puzzle (up to 4.3)
7
Quick Pick: Video Games Lost in Translation
8
Franchise by Action Figure
9
Who's on the WWE 2K24 Cover?
10
Genshin Impact Logic Puzzle Quiz
Explore More
Trending Topics
Marvel
Anime
Harry Potter
Kpop
NBA
Disney
Crossword
Soccer
NFL
WWE
Pokémon
The Office
Puzzle
Country
Song
hide this ad
More By:
aggronianmaster1
Quiz
Plays
Rating
Category
Featured
Created
Which Anime are these characters from
1,210
2.50
Television
May 21, 2014
Walking Dead: Name The Character (Tv Series)
293
3.00
Television
Mar 31, 2014
Monster Hunter 3 Ultimate: Weapons Types
190
Gaming
Apr 2, 2014
Kid Icarus Uprising: Factions
189
5.00
Gaming
Jan 15, 2014
Walking Dead Episode Names
180
Television
Apr 1, 2014
Go to Creator's Profile
Score Distribution
Quiz Creator Spotlight
aggronianmaster1
Follow
Send a Message
Quizzes Created
-
Created Quiz Play Count
-
More By This Creator
Popular Quizzes Today
1
Find the US States - No Outlines Minefield
2
Find the Countries of Europe - No Outlines Minefield
3
The Countries of the World
4
Find the US States
5
Risky Map Clicking: Biggest States A-Z
6
US States
7
Popular People in 1961
8
Movies - When Are They Set?
More Gaming Quizzes
Wii Sports
Published
Trending Quizzes
Risky Map Clicking: Least Populous States A-Z
1-10 Letter G Words
USA Borders Longest to Shortest
1-10 Letter F Words
Countries of the World: 200 Million BC
Recently Updated
Leaping Animals
pecheneg
Reality TV Shows (A-Z)
bhenderson79
Rickey Henderson's Hall of Fame Teammates
pecheneg
Champions League XIs: Arsenal
pecheneg
Quick Pick: Celebrities in WWE's Hall of Fame
aduchscher
A-Z Keypad Blitz II
pecheneg
Multiple Oscar Actors
pecheneg
Mystery Phrase Blitz: Oscar 'Best Actors'
pecheneg
F. Scott Fitzgerald Novels
LTH
Pick 3 Villains
ddd62291
Trending Topics
Disney
NBA
Marvel
Kpop
Anime
Crossword
Harry Potter
NFL
Soccer
Song
WWE
The Office
Pokémon
Country
Puzzle
Your Account Isn't Verified!
In order to create a playlist on Sporcle, you need to verify the email address you used during registration. Go to your
Sporcle Settings
to finish the process.
Report this User
Report this user for behavior that violates our
Community Guidelines
.
Details:
Send Report
Go to the Sporcle.com Mobile Site →
Comments